000 00834nam a2200253Ia 4500
003 OSt
005 20221005024936.0
006 a|||||r|||| 00| 0
007 ta
008 221004b |||||||| |||| 00| 0 ara d
020 _a9770909858 (pbk)
_c100
024 _a40662
037 _b306, 27/01/2010, Nadwi Publications
_cTextual
040 _aCRL
_cCRL
_bara
041 _2ara
_aara
082 _aV73:19046.P, 28P3
100 _aYunus Ahmad Au.
_9581249
245 0 _aAl-musalmoon al-americoon aqsam an aqwal al-haq
260 _aCairo
_bMaktaba al shiruk Misr
_c2003
650 _aUNITED STATES - HISTORY
_931585
700 _a Jaafar Nishat Tr.
_9581250
942 _hV73:19046.P, 28P3
_cTEXL
_2cc
999 _c933743
_d933743